Η ολοκλήρωση της εσωτερικής αγοράς
Αποθηκεύτηκε σε:
| Συγγραφή απο Οργανισμό/Αρχή: | |
|---|---|
| Μορφή: | Βιβλίο |
| Γλώσσα: | Greek |
| Δημοσίευση: |
Λουξεμβούργο :
Υπηρεσία Επισήμων Εκδόσεων των Ευρωπαικών Κοινοτήτων,
1991
|
| Θέματα: | |
| Ετικέτες: |
Προσθήκη ετικέτας
Δεν υπάρχουν, Καταχωρήστε ετικέτα πρώτοι!
|
MARC
| LEADER | 00000nam a2200000 i 4500 | ||
|---|---|---|---|
| 001 | 1/67259 | ||
| 008 | 071212s1991 gre d | ||
| 020 | |a 92-826-2744-6 | ||
| 035 | |l 10093024 | ||
| 040 | |a GR-MY-UA |b gre |e aacr | ||
| 041 | 0 | |a gre | |
| 082 | 0 | |a 341.2422 |2 (22) | |
| 245 | 1 | 2 | |a Η ολοκλήρωση της εσωτερικής αγοράς |
| 260 | |a Λουξεμβούργο : |b Υπηρεσία Επισήμων Εκδόσεων των Ευρωπαικών Κοινοτήτων, |c 1991 | ||
| 300 | |a 53 σ.; |b εικ; |c 23 εκ. | ||
| 504 | |a Βιβλιογραφία : σ. 53 | ||
| 610 | 2 | 0 | |a European Economic Community |x Membership. |
| 710 | 2 | |a Επιτροπή των Ευρωπαϊκών Κοινοτήτων |b Γενική Διεύθυνση << Πληροφόρηση, Επικοινωνία και Οπτικοακουστικός τομέας, Πολιτιστικά θέματα. |4 edt | |
| 852 | |a INST |b CHIOS |e 20071212 |h 341.2422 ΟΛΟ |p 005200028366 |q 005200028366 |t BK |y 0 | ||
| 901 | |a BIBL2-2007-3 | ||
| 909 | |a Χ |b 104659 | ||
| 920 | |y ΧΙΟΣ |z 1992-06 | ||
| 970 | |a ΒΑΡΦΗΣ |b ΒΑΓΓΕΛΗΣ |z 2007/12/12 | ||